| 000 | 01441cam a2200397Ia 4500 | ||
|---|---|---|---|
| 001 | 100993 | ||
| 005 | 20230410124057.0 | ||
| 008 | 080930s2008 mx 000 0 spa d | ||
| 035 | _a(OCoLC)ocn259280743 | ||
| 040 |
_aUNAMX _bspa _cUNAMX _dBNMEX |
||
| 020 | _a9789707773332 | ||
| 020 | _a9707773332 | ||
| 035 | _a(OCoLC)259280743 | ||
| 050 | 1 | 4 |
_aLE 7 _bZ58r 2008 |
| 082 | 0 | 0 | _a378.7252 |
| 049 | _aGRAL | ||
| 100 | 1 | _aZermeño, Sergio. | |
| 245 | 1 | 0 |
_aResistencia y cambio en la UNAM : _blas batallas por la autonomía, el 68 y la gratitud / _cSergio Zermeño |
| 260 |
_aMéxico, D. F. : _bOcéano, _c2008 |
||
| 300 |
_a156 p., _d23 cm |
||
| 490 | 1 | _aCon una cierta mirada | |
| 490 | 1 | _aTiempo de México | |
| 504 | _aIncludes bibliographical references (p. 155-156) and index. | ||
| 610 | 2 | 0 |
_aUniversidad Nacional Autónoma de México _xHistory. |
| 650 | 0 |
_aStudent movements _zMexico _zMexico City _xHistory _y20th century. |
|
| 650 | 0 |
_aUniversity autonomy _zMexico _zMexico City _xHistory _y20th century. |
|
| 610 | 2 | 4 | _aUniversidad Nacional Autónoma de México - Historia |
| 650 | 4 | _aAutonomia universitaria - México - Historia | |
| 650 | 4 | _aMovimientos estudiantiles - México (Ciudad) - 1968 | |
| 651 | 4 | _aMéxico - Política y gobierno -1968 | |
| 830 | 0 | _aCon una cierta mirada. | |
| 830 | 0 | _aTiempo de México (Editorial Océano de México) | |
| 942 |
_2lcc _cbk |
||
| 946 | _amjcruz | ||
| 994 |
_aC0 _bDRFGD |
||
| 999 |
_c70519 _d70519 |
||